Najgęściej zaludnione miasta woj. dolnośląskiego - Statystyki

Ogólne statystyki
  • Ten quiz został rozwiązany 15 razy
  • Średni wynik to 8 z 12
Statystyki odpowiedzi
Gęstość zaludnienia (os/km²) Miasto % Poprawnych
1756 Głogów
100%
1623 Legnica
100%
2300 Wrocław
100%
1648 Lubin
83%
1670 Oleśnica
75%
2409 Świdnica
75%
1546 Bolesławiec
67%
1517 Dzierżoniów
58%
1808 Zgorzelec
50%
1289 Trzebnica
42%
2310 Chojnów
17%
2104 Stronie Śląskie
17%
Nie znaleziono quizów pasujących do podanych kryteriów
Rozkład punktacji
Procent ludzi z każdym wynikiem
Percentyl według liczby udzielonych odpowiedzi
Twoja historia wyników
Nie rozwiązałeś tego quizu